Consultant report on tilapia hatchery and pond farming for AADCP component 3 (Philippines) : (Aquaculture technology verification and training)

Wedi'i Gadw mewn:
Manylion Llyfryddiaeth
Prif Awdur: Baroiller, Jean-Francois
Fformat: Llyfr
Iaith:Undetermined
Cyhoeddwyd: France Programme Aquaculture et Pêche 1994
Pynciau:
Tagiau: Ychwanegu Tag
Dim Tagiau, Byddwch y cyntaf i dagio'r cofnod hwn!
Thư viện lưu trữ: Trung tâm Học liệu Trường Đại học Cần Thơ
LEADER 00666nam a2200193Ia 4500
001 CTU_150585
008 210402s9999 xx 000 0 und d
082 |a 639.31 
082 |b B264 
100 |a Baroiller, Jean-Francois 
245 0 |a Consultant report on tilapia hatchery and pond farming for AADCP component 3 (Philippines) : 
245 0 |b (Aquaculture technology verification and training) 
245 0 |c Jean-Francois Baroiller 
260 |a France 
260 |b Programme Aquaculture et Pêche 
260 |c 1994 
650 |a Freshwater fishes,Cá nước ngọt 
904 |i Trọng Hải 
980 |a Trung tâm Học liệu Trường Đại học Cần Thơ